Občan ako zákazník

Súkromný a verejný sektor. Funkcie verejných služieb (VS). Špecifiká verejných služieb. Meranie výkonu verejných služieb. Klasifikácia verejných služieb. Verejné služby na úrovni obce. Základné subjekty poskytovania verejných služieb. Zmluvné zabezpečovanie VS. Poskytovanie podnikateľom. Priame posk...

Descrizione completa

Salvato in:
Dettagli Bibliografici
Autore principale: Hrašková, Dagmar
Natura: Capitolo di libro
Lingua:slovacco
Soggetti:
Tags: Aggiungi Tag
Nessun Tag, puoi essere il primo ad aggiungerne!!

MARC

LEADER 00000naa a2200000 4500
001 0118713
005 20231120114659.6
041 0 |a slo 
044 |a SK 
245 1 0 |a Občan ako zákazník  |c Dagmar Hrašková 
520 |a Súkromný a verejný sektor. Funkcie verejných služieb (VS). Špecifiká verejných služieb. Meranie výkonu verejných služieb. Klasifikácia verejných služieb. Verejné služby na úrovni obce. Základné subjekty poskytovania verejných služieb. Zmluvné zabezpečovanie VS. Poskytovanie podnikateľom. Priame poskytovanie verejným sektorom. Elektronizácia verejných služieb. 
610 2 0 |a služby verejné 
610 2 0 |a sektor verejný 
610 2 0 |a obce 
610 2 0 |a podnikatelia 
610 2 0 |a elektronizácia 
100 1 |a Hrašková, Dagmar